Normal view
MARC view
- COMPUTER ARCHITECTURE AND PARALLEL PROCESSING
Entry Topical Term
001 - CONTROL NUMBER
- control field: 58740
003 - CONTROL NUMBER IDENTIFIER
- control field: NUST
005 - DATE AND TIME OF LATEST TRANSACTION
- control field: 20210628202212.0
008 - FIXED-LENGTH DATA ELEMENTS
- fixed length control field: 210628|| aca||aabn | a|a d
040 ## - CATALOGING SOURCE
- Original cataloging agency: NUST
- Transcribing agency: NUST
150 ## - HEADING--TOPICAL TERM
- Topical term or geographic name entry element: COMPUTER ARCHITECTURE AND PARALLEL PROCESSING
670 ## - SOURCE DATA FOUND
- Source citation: Work cat.: (NUST): El-Rewini , Hesham ,Abd-El -Barr , Mostafa 58739, Advanced computer architecture and parallel processing, 2005
